|
|
|
|
| LEADER |
00000nta a2200000 i 4500 |
| 001 |
dolg3316 |
| 005 |
20160212093429.0 |
| 008 |
160212suuuu hu om 000 hun d |
| 040 |
|
|
|a BGE Dolgozattár Repozitórium
|b hun
|
| 041 |
|
|
|a hun
|
| 100 |
1 |
|
|a Kalán Abigél Anikó
|
| 245 |
1 |
0 |
|a Logisztikai folyamatok elemzése a Vibracoustic CV Air Springs Magyarország Kft.-nél
|h [elektronikus dokumentum] /
|c Kalán Abigél Anikó
|
| 695 |
|
|
|a Logisztikai folyamatok
|
| 695 |
|
|
|a Vállalkozás tevékenysége
|
| 700 |
0 |
1 |
|a Gritsch Mátyás
|e ths
|
| 856 |
4 |
0 |
|u http://dolgozattar.uni-bge.hu/3316/1/Szakdolgozat-Kal%C3%A1n%20Abig%C3%A9l.pdf
|z Dokumentum-elérés
|
| 856 |
4 |
0 |
|u http://dolgozattar.uni-bge.hu/3316/2/HivatalosBejegyzes.pdf
|z Dokumentum-elérés
|